|
|
|
|
| LEADER |
00000nam a22000004a 4500 |
| 001 |
AR-BbUGT58273 |
| 003 |
AR-BbUGT |
| 005 |
20220510104631.0 |
| 007 |
ta |
| 008 |
220506s2019 ag a m 000 0 spa d |
| 040 |
|
|
|a AR-BbUGT
|b spa
|c AR-BbUGT
|e aacr
|
| 082 |
0 |
4 |
|2 21
|a 380.14
|
| 082 |
0 |
4 |
|2 21
|a 388.33
|
| 100 |
1 |
|
|a Carozzi, Florencia.
|4 dis
|
| 245 |
1 |
|
|a Turismo, transporte y calidad del servicio :
|b percepciones de los usuarios de la terminal de ómnibus "San Francisco de Asís" de la ciudad de Bahía Blanca /
|c tesista Florencia Carozzi ; directora: Soledad Gallucci ; co-directora Natalia De Miguel.
|
| 260 |
|
|
|c 2019.
|
| 300 |
|
|
|a 70 h. :
|b il. ;
|c 30 cm
|
| 500 |
|
|
|a "Tesina de Licenciatura en Turismo" (Port.)
|
| 502 |
|
|
|g Tesis
|b grado
|c Universidad Nacional del Sur. Departamento de Geografía y Turismo,
|d 2019.
|
| 651 |
|
4 |
|9 257
|a Bahía Blanca (Argentina)
|
| 653 |
|
0 |
|a Servicios turísticos
|
| 653 |
|
0 |
|a Servicio de ómnibus
|
| 653 |
|
0 |
|a Terminales de ómnibus
|
| 653 |
|
0 |
|a Calidad percibida
|
| 700 |
1 |
|
|a Gallucci, Silvana Soledad.
|9 793
|4 ths
|
| 700 |
1 |
|
|a De Miguel, Natalia
|
| 710 |
2 |
|
|a Universidad Nacional del Sur.
|9 48
|b Departamento de Geografía y Turismo
|
| 942 |
|
|
|2 ddc
|c BK
|e 21
|h 380.14
|i C293
|6 380_140000000000000_C293
|
| 999 |
|
|
|c 16037
|d 16037
|